000 01686ngm a22004450a 4500
001 PT39929
003 AR-LpoUNG
005 20210201235854.0
007 vd cvaizq
008 191001s2009||||ag |||||||||||||||||spa d
037 _c$2.65
040 _aAR-LpoUNG
_bspa
_cAR-LpoUNG
_eaacr
041 _aspa
044 _aag
082 0 _a982.064 965ret
100 1 _aCuervo, Andrés
_edir.
245 1 3 _aEl retrato postergado
260 _aBuenos Aires :
_bMiradas al sur,
_c2009.
300 _aDVD (64 min.) son., byn., col
505 0 _aInterpretes: Haroldo Conti, Eduardo Galeano, Martha Lynch. - Guión, producción y dirección: Andres Nicolas Cuervo. - Jefe de producción: Mariano Gerbino. - Asistente de dirección: Gonzalo Cánovas. - Ayudante de dirección: Gabriel Rosas. - Sonido: Matias Novelle. - Direccion Artistica: Natalia Gregorini. - Fotografia. Jorge Crespo. - Edicion: Emiliano Serra. - Musica: Darío Barozzi. - Realizada con el apoyo oficial de I.N.C.A.A. (Instituto Nacional de Cine y Artes Audiovisuales
520 _aGira en torno a la relación que tuvo el escritor desaparecido Haroldo Conti con un joven realizador argentino, llamado Roberto Cuervo, a mediados de la década del 70.
650 4 _aANALISIS HISTORICO
650 4 _aARGENTINA
650 4 _aCULTURA
650 4 _aDICTADURA
650 4 _aGOBIERNO MILITAR
650 4 _aHISTORIA
650 4 _aLITERATURA
650 4 _aPOLITICA
650 4 _aVIOLENCIA
651 4 _aArgentina
653 _aCINE ARGENTINO
653 _aDESAPARECIDOS
653 _aDOCUMENTALES
653 _aDVD
653 _aREPRESION
653 _aVIDEOS
905 _a39929
942 _cDVD
999 _c53654
_d53654